INTRODUCTION TO MODERN INFORMATION RETRIEVAL (Record no. 1963)
[ view plain ]
| 000 -LEADER | |
|---|---|
| fixed length control field | 00411nam a22001577a 4500 |
| 008 - FIXED-LENGTH DATA ELEMENTS--GENERAL INFORMATION | |
| fixed length control field | 260415b |||||||| |||| 00| 0 eng d |
| 020 ## - INTERNATIONAL STANDARD BOOK NUMBER | |
| International Standard Book Number | 9781856046947 |
| 100 ## - MAIN ENTRY--PERSONAL NAME | |
| Personal name | CHOWDHURY,G G |
| 245 ## - TITLE STATEMENT | |
| Title | INTRODUCTION TO MODERN INFORMATION RETRIEVAL |
| Medium | ENGLISH |
| 250 ## - EDITION STATEMENT | |
| Edition statement | 3rd |
| 260 ## - PUBLICATION, DISTRIBUTION, ETC. | |
| Name of publisher, distributor, etc. | Facet publishing |
| Date of publication, distribution, etc. | 2010 |
| 300 ## - PHYSICAL DESCRIPTION | |
| Extent | 530p. |
| Dimensions | 9.21inches |
| 942 ## - ADDED ENTRY ELEMENTS (KOHA) | |
| Source of classification or shelving scheme | Dewey Decimal Classification |
| Koha item type | BOOKS |
| Suppress in OPAC | Yes |
No items available.